| 000 | 00390nam a2200157Ia 4500 | ||
|---|---|---|---|
| 008 | 230711s9999||||xx |||||||||||||| ||und|| | ||
| 041 | _aENG | ||
| 082 |
_a621 _bCR-A |
||
| 100 | _aCrouse,William H | ||
| 245 | 0 | _aAutomotive engines | |
| 250 | _a8th Ed. | ||
| 260 |
_c1994 _aNew Delhi _bTata McGraw Hill Education Limited |
||
| 300 | _a426 | ||
| 650 | _aMechanical Engineering | ||
| 942 | _cBK | ||
| 999 |
_c2801 _d2801 |
||